Statistics for Formula One Quiz #2

Click here to take the quiz!

General Stats

  • This quiz has been taken 173 times
  • The average score is 5 of 16

Answer Stats

HintAnswer% Correct
Which F1 driver races with the number 55?Carlos Sainz, Jr.
85%
What was the last tyre provider to service a race-winner other than Pirelli?Bridgestone
61%
How many seasons did Nigel Mansell spend in Formula One before becoming champion?13
57%
Which retired driver has the most career points?Nico Rosberg
43%
Who lead 71.47% of laps in the 1963 season?Jim Clark
43%
In what year was the largest points gap between first and second at the end of a season?2013
39%
Name either driver to set no poles in their championship-winning season:Hulme/Lauda
34%
What word (meaning 'racetrack') starts the official names of three current circuits?Autodromo
32%
What two things may a red and yellow striped flag signify in FIA-sanctioned races?Slippery track surface
28%
...and which non-retired driver has the most career points without a championship?Daniel Ricciardo
26%
For which race feed in 2016 was FOM not responsible?Monaco
24%
Which constructor has entered the most races without a constructors' championship?Sauber
23%
What is the Italian name for Ferrari's car colour?Rosso corsa
14%
What two things may a red and yellow striped flag signify in FIA-sanctioned races?Debris on the track
13%
What is the last track to win the Race Promoters' Trophy?Mexico
6%
Which Italian driver tried to pre-qualify with EuroBrun 14 times, but never succeeded?Claudio Langes
5%

Score Distribution

Percentile by Number Answered

Percent of People with Each Score

Your Score History

You have not taken this quiz